Entreprise et pouvoir économique

les source du pouvoir éconpmique. L'économie d'entreprise, type d'organisation du pouvoir économique. Dimension des entreprises et pouvoir économique. Pouvoir économique et organisation de l'entreprise,..

Shranjeno v:
Bibliografske podrobnosti
Glavni avtor: Bienaymé, Alain
Format: Knjiga
Jezik:Undetermined
Izdano: Paris Dunod 1969
Teme:
Oznake: Označite
Brez oznak, prvi označite!
Thư viện lưu trữ: Trung tâm Học liệu Trường Đại học Cần Thơ
LEADER 00732nam a2200193Ia 4500
001 CTU_231863
008 210402s9999 xx 000 0 und d
082 |a 658.1 
082 |b B588 
100 |a Bienaymé, Alain 
245 0 |a Entreprise et pouvoir économique 
245 0 |c Alain Bienaymé 
260 |a Paris 
260 |b Dunod 
260 |c 1969 
520 |a les source du pouvoir éconpmique. L'économie d'entreprise, type d'organisation du pouvoir économique. Dimension des entreprises et pouvoir économique. Pouvoir économique et organisation de l'entreprise,.. 
650 |a Chính sách công nghiệp,Industrial policy 
910 |b dqhieu 
980 |a Trung tâm Học liệu Trường Đại học Cần Thơ